000 00639nam a2200229Ia 4500
003 OSt
005 20221007071752.0
006 a|||||r|||| 00| 0
007 ta
008 221006b |||||||| |||| 00| 0 eng d
024 _a17,915
037 _cTextual
040 _aFLL
_cFLL
_beng
041 _2eng
_aeng
082 _aY15:45:6:.3.N7, L6
100 _aGoodman Nancy
_9689391
245 0 _aFurther studies of female offenders
260 _aLondon
_bHer Majesty's Stationery Office England
_c1976
300 _a113p
_ccm.
942 _hY15:45:6:.3.N7, L6
_cTEXL
_2CC
999 _c1144225
_d1144225